Quang Trung anh hùng dân tộc : 1788 - 1792 /

Gardado en:
Detalles Bibliográficos
Autor Principal: Hoa Bằng.
Formato: Sách giấy
Idioma:Vietnamese
Publicado: TP. HCM : Bốn phương, 1958.
Các nhãn: Engadir etiqueta
Sen Etiquetas, Sexa o primeiro en etiquetar este rexistro!
Thư viện lưu trữ: Thư viện Trường Đại học Đà Lạt
LEADER 00640nam a2200277 4500
001 DLU140161692
005 ##20140425
040 # # |a DLU  |b vie 
041 # # |a vie 
044 # # |a vn 
082 # # |a 959.702 809 2  |b HO-B 
100 # # |a Hoa Bằng. 
245 # # |a Quang Trung anh hùng dân tộc :  |b 1788 - 1792 /  |c Hoa Bằng. 
260 # # |a TP. HCM :  |b Bốn phương,  |c 1958. 
300 # # |a 344 tr. ;  |c 19 cm. 
923 # # |a 100/2013 
991 # # |a GT 
992 # # |a 0 
994 # # |a DLU 
900 # # |a True 
911 # # |a Đào Thị Thu Huyền 
925 # # |a G 
926 # # |a A 
927 # # |a SH 
980 # # |a Thư viện Trường Đại học Đà Lạt